[Event "AUTO-INT-437"]
[Site "http://www.queenalice.com/game.php?id=204665"]
[Date "2007.5.1"]
[Round "1"]
[White "crubiov"]
[Black "RubendeNunes"]
[Result "1-0"]
[WhiteElo "1943"]
[BlackElo "1491"]

1. e4 e5 2. Nf3 Nc6 3. Bc4 Nf6 4. Ng5 d5 5. exd5 Nxd5 6. d4 exd4 7. O-O Ne5 8.
Re1 Qd6 9. Qxd4 Nb4 10. Qxe5+ Qxe5 11. Rxe5+ 1-0

[Event "AUTO-INT-437"]
[Site "http://www.queenalice.com/game.php?id=204666"]
[Date "2007.5.1"]
[Round "1"]
[White "RubendeNunes"]
[Black "crubiov"]
[Result "0-1"]
[WhiteElo "1489"]
[BlackElo "1945"]

1. e4 e5 2. Nf3 Nc6 3. Bb5 a6 4. Bxc6 dxc6 5. O-O Bg4 6. Nc3 Qf6 7. d3 h6 8. d4
Bxf3 9. Qxf3 exd4 10. e5 Qxf3 0-1

[Event "AUTO-INT-437"]
[Site "http://www.queenalice.com/game.php?id=204679"]
[Date "2007.5.1"]
[Round "1"]
[White "RubendeNunes"]
[Black "SGrillo"]
[Result "0-1"]
[WhiteElo "1548"]
[BlackElo "1642"]

1. e4 e5 2. Nf3 d6 3. d4 exd4 4. Nxd4 Bd7 5. Bc4 Nc6 6. O-O Nxd4 7. Qxd4 Qf6 8.
Qxf6 Nxf6 9. Re1 Be7 10. Nc3 O-O 11. Nd5 Nxd5 12. exd5 Rfe8 13. Bd2 Bf6 14.
Rxe8+ Rxe8 15. Bc3 Bxc3 16. bxc3 Bf5 17. Bd3 Bxd3 18. cxd3 Re2 19. g3 Rd2 20.
Re1 Kf8 21. d4 Rxa2 22. c4 Rc2 23. Ra1 Rxc4 0-1

[Event "AUTO-INT-437"]
[Site "http://www.queenalice.com/game.php?id=204680"]
[Date "2007.5.1"]
[Round "1"]
[White "SGrillo"]
[Black "RubendeNunes"]
[Result "1-0"]
[WhiteElo "1629"]
[BlackElo "1561"]

1. e4 e5 2. Nf3 Nc6 3. Bb5 Nf6 4. d3 d5 5. Bxc6+ bxc6 6. exd5 cxd5 7. h3 h6 8.
O-O Bd6 9. Re1 e4 10. dxe4 dxe4 11. Nc3 Bb7 12. Nd4 O-O 13. a3 Re8 14. Ndb5 Be5
15. Qxd8 Raxd8 16. Nxa7 Bd4 17. Nab5 c5 18. Be3 Bc6 19. Rad1 Bxe3 20. fxe3 Rxd1
21. Rxd1 Rb8 22. a4 g5 23. Rd6 1-0

[Event "AUTO-INT-437"]
[Site "http://www.queenalice.com/game.php?id=204681"]
[Date "2007.5.1"]
[Round "1"]
[White "RubendeNunes"]
[Black "MarcosSP41"]
[Result "1-0"]
[WhiteElo "1584"]
[BlackElo "1603"]

1. e4 e5 2. Nf3 Qf6 3. d4 c5 4. dxe5 Qb6 5. Nc3 Qe6 6. g3 f6 7. exf6 Nxf6 8. Bg5
c4 9. Bxf6 Qxf6 10. Nd5 Qc6 11. Ne5 Qc5 12. Bxc4 Bd6 13. b4 O-O 14. bxc5 Bxe5
15. Nc7+ d5 16. Bxd5+ Kh8 17. Nxa8 Bc3+ 18. Kf1 Nd7 19. Bxb7 Bxb7 20. Qxd7 Bxa8
21. Rd1 Bxe4 22. Qd8 Kg8 23. Rg1 Bxc2 24. Rd7 Ba4 25. Qc7 Bb5+ 26. Kg2 Bxd7 27.
Qxd7 Rf7 28. Qd5 Bb4 29. c6 Ba5 30. Qxa5 1-0

[Event "AUTO-INT-439"]
[Site "http://www.queenalice.com/game.php?id=205328"]
[Date "2007.5.3"]
[Round "1"]
[White "RubendeNunes"]
[Black "Wecker"]
[Result "0-1"]
[WhiteElo "1536"]
[BlackElo "1553"]

1. e4 e5 2. Nf3 Nc6 3. Bb5 a6 4. Bxc6 dxc6 5. O-O Qd6 6. d4 exd4 7. Nxd4 Nf6 8.
Nc3 c5 9. Nf5 Qe5 10. Re1 Be6 11. Nd5 O-O-O 0-1

[Event "AUTO-INT-439"]
[Site "http://www.queenalice.com/game.php?id=205329"]
[Date "2007.5.3"]
[Round "1"]
[White "Wecker"]
[Black "RubendeNunes"]
[Result "1-0"]
[WhiteElo "1568"]
[BlackElo "1521"]

1. e4 e5 2. Nf3 Nc6 3. Bc4 Nf6 4. Ng5 d5 5. exd5 Nxd5 6. Nxf7 Kxf7 7. Qf3+ Qf6
8. Bxd5+ Be6 9. Bxe6+ Kxe6 10. Qxf6+ gxf6 11. Nc3 1-0

[Event "AUTO-INT-439"]
[Site "http://www.queenalice.com/game.php?id=205330"]
[Date "2007.5.3"]
[Round "1"]
[White "RubendeNunes"]
[Black "IkeBroflovski"]
[Result "1-0"]
[WhiteElo "1562"]
[BlackElo "1520"]

1. e4 e6 2. d4 d5 3. exd5 exd5 4. Nf3 Bg4 5. Be2 Bd6 6. O-O Nc6 7. Ng5 Bxe2 8.
Qxe2+ Nge7 9. Nxf7 Kxf7 10. Qf3+ Kg8 11. Bg5 h6 12. Bxe7 Bxe7 13. Nc3 Kh7 14.
Nxd5 Rf8 15. Qe4+ Kh8 16. Rfe1 Bf6 17. Nxf6 Rxf6 18. d5 1-0

[Event "AUTO-INT-439"]
[Site "http://www.queenalice.com/game.php?id=205331"]
[Date "2007.5.3"]
[Round "1"]
[White "IkeBroflovski"]
[Black "RubendeNunes"]
[Result "1-0"]
[WhiteElo "1596"]
[BlackElo "1592"]

1. Nf3 d5 2. d4 Nc6 3. c4 Be6 4. cxd5 Bxd5 5. Nc3 Nf6 6. Nxd5 Nxd5 7. e4 Ndb4 8.
d5 Nb8 9. Qa4+ Qd7 10. Qxb4 e6 11. Qxb7 Bb4+ 12. Qxb4 exd5 13. Qb7 Qc6 14. Qxc6+
Nxc6 15. Bb5 O-O 16. Bxc6 Rad8 17. exd5 1-0

[Event "AUTO-INT-440"]
[Site "http://www.queenalice.com/game.php?id=205461"]
[Date "2007.5.3"]
[Round "1"]
[White "RubendeNunes"]
[Black "marcosbratz"]
[Result "0-1"]
[WhiteElo "1584"]
[BlackElo "1691"]

1. e4 e5 2. Nf3 Nc6 3. c3 a6 4. d4 exd4 5. cxd4 Be7 6. d5 Na7 7. Be3 c6 8. d6
Bf8 9. Qb3 Bxd6 10. Ng5 Nh6 11. Bc4 O-O 12. O-O b5 0-1

[Event "AUTO-INT-440"]
[Site "http://www.queenalice.com/game.php?id=205462"]
[Date "2007.5.3"]
[Round "1"]
[White "marcosbratz"]
[Black "RubendeNunes"]
[Result "1-0"]
[WhiteElo "1703"]
[BlackElo "1572"]

1. e4 e5 2. Nf3 Nc6 3. Bb5 Nf6 4. O-O a6 5. Ba4 b5 6. Bb3 d5 7. exd5 Nxd5 8. Re1
Qd6 9. c4 bxc4 10. Bxc4 Be7 11. Nc3 Nxc3 12. dxc3 O-O 13. Bd5 1-0

[Event "AUTO-INT-440"]
[Site "http://www.queenalice.com/game.php?id=205463"]
[Date "2007.5.3"]
[Round "1"]
[White "RubendeNunes"]
[Black "Dcanti"]
[Result "0-1"]
[WhiteElo "1399"]
[BlackElo "1504"]

1. e4 e5 2. Nf3 Nc6 3. Nc3 Nf6 4. Bd3 d6 5. O-O Be7 6. b3 O-O 7. Nd5 Be6 8.
Nxe7+ Qxe7 9. Bb2 Bg4 10. a4 d5 11. Re1 d4 12. c3 dxc3 0-1

[Event "AUTO-INT-440"]
[Site "http://www.queenalice.com/game.php?id=205464"]
[Date "2007.5.3"]
[Round "1"]
[White "Dcanti"]
[Black "RubendeNunes"]
[Result "1-0"]
[WhiteElo "1516"]
[BlackElo "1387"]

1. d4 d5 2. Nc3 c6 3. Nf3 Nf6 4. e3 g6 5. g3 Bg7 6. Bd3 O-O 7. e4 dxe4 8. Nxe4
Nxe4 9. Bxe4 Bg4 10. O-O Bxd4 11. c3 Bc5 12. Qxd8 1-0

[Event "AUTO-INT-440"]
[Site "http://www.queenalice.com/game.php?id=205465"]
[Date "2007.5.3"]
[Round "1"]
[White "RubendeNunes"]
[Black "raga"]
[Result "0-1"]
[WhiteElo "1536"]
[BlackElo "1688"]

1. e4 c5 2. Nc3 Nc6 3. Bb5 Qc7 4. Nf3 e6 5. O-O a6 6. Bxc6 Qxc6 7. d4 Nf6 8. Re1
cxd4 9. Nxd4 Qc7 10. e5 Nd5 11. Nxd5 exd5 12. Qf3 Qb6 13. Qxd5 g6 14. Bf4 Qc5
15. Qxc5 Bxc5 16. c3 O-O 0-1

[Event "AUTO-INT-440"]
[Site "http://www.queenalice.com/game.php?id=205466"]
[Date "2007.5.3"]
[Round "1"]
[White "raga"]
[Black "RubendeNunes"]
[Result "1-0"]
[WhiteElo "1674"]
[BlackElo "1536"]

1. e4 e5 2. Nf3 Nc6 3. Bb5 Nf6 4. O-O d5 5. d3 Bg4 6. c3 Bd6 7. Nbd2 O-O 8. Re1
d4 9. Bxc6 bxc6 10. cxd4 exd4 11. h3 Bxf3 12. Nxf3 Bb4 13. Re2 Re8 14. Qa4 Qd6
15. a3 Bc5 16. Qc4 h6 17. Bf4 1-0

[Event "AUTO-OPEN-645"]
[Site "http://www.queenalice.com/game.php?id=205679"]
[Date "2007.5.3"]
[Round "1"]
[White "Hapless"]
[Black "RubendeNunes"]
[Result "1-0"]
[WhiteElo "1489"]
[BlackElo "1412"]

1. d4 d5 2. c4 Be6 3. e3 Nf6 4. Nf3 g6 5. Nc3 dxc4 6. Ng5 Bd5 7. e4 c6 8. exd5
cxd5 9. Qa4+ Nc6 10. Be2 e6 11. O-O Bb4 12. Re1 O-O 13. a3 Bxc3 14. bxc3 Ne4 15.
Nxe4 dxe4 16. Bxc4 e5 17. dxe5 Nxe5 18. Rxe4 Nxc4 19. Rxc4 1-0

[Event "AUTO-OPEN-645"]
[Site "http://www.queenalice.com/game.php?id=205680"]
[Date "2007.5.3"]
[Round "1"]
[White "RubendeNunes"]
[Black "Hapless"]
[Result "0-1"]
[WhiteElo "1426"]
[BlackElo "1475"]

1. e4 e6 2. Nf3 d5 3. Bd3 Nf6 4. Nc3 dxe4 5. Nxe4 Bb4 6. c3 Ba5 7. Qa4+ Nc6 8.
Nxf6+ Qxf6 9. O-O a6 10. b4 Bb6 11. Be4 Bd7 12. b5 Ne5 13. Nxe5 Qxe5 14. Bxb7
Ra7 15. Bc6 axb5 16. Bxd7+ Kxd7 17. Qb4 c6 18. a4 Rha8 19. d4 Qf6 20. Bb2 Rxa4
21. Qb3 Rxa1 0-1